Should latin american cuntries adopt structural balance-based fiscal rules? (Registro nro. 31595)

Detalles MARC
000 -LEADER
fixed length control field 00383 a2200109 4500
001 - CONTROL NUMBER
control field ART_34373
005 - DATE AND TIME OF LATEST TRANSACTION
control field 20260410162005.0
008 - FIXED-LENGTH DATA ELEMENTS--GENERAL INFORMATION
fixed length control field 260409a
100 1# - MAIN ENTRY--PERSONAL NAME
Personal name Ter-Minassian, Teresa
245 10 - TITLE STATEMENT
Title Should latin american cuntries adopt structural balance-based fiscal rules?
773 0# - HOST ITEM ENTRY
Title Revista de economía y estadística
Related parts - Vol. XLIX, Nº 2 (dic. 2011)
Record control number REV34359

No hay ítems disponibles.